003460000a2200109000450024500640000065000300006465000280009465000260012265000160014804100140016477300580017810aInforme (<1997>) del comité del comercio y medio ambiente14aConvenios internacionales14aPolíticas ambientales14aDesarrollo sostenible14aBiocomercio0 aEspañol1 tOrganización Mundial del Comercio31324q1-11d1997